00639nam a2200193Ia 4500008004100000020001500041041001200056082001600068100001900084245007300103250000800176260002500184300000800209650002100217700001800238942000700256999001500263952016700278221030s9999 xx 000 0 und d a8120309863 aEnglish a105.23bPuc aD. A. Pucknell 0aBasic VLSI Design ( DEPARTMENTAL )cby D. A. Pucknell, K. Eshraghian a3rd bPHIaNew Delhic2006 a459 aECE Departmental aK. Eshraghian cBK c3498d3498 pBE 8737g325.00l0o105.23 Pucr2022-10-30 00:00:00w2022-10-30yBK003Print4070aMIETLIBbMIETLIBcBL-Departmental, FL-1, CUP-92, SH-1, R-1d2006-11-2010HBE